関西駅名チマタグラム - Statistics

General Stats
  • This quiz has been taken 76 times
  • The average score is 12 of 50
Answer Stats
問題文 問題文読み できる駅名 % Correct
ユーにソルティ馬刺し ゆーにそるてぃばさし ユニバーサルシティ
66%
モカならず もかならず 中百舌鳥
62%
姫が後だ ひめがうしろだ 東梅田
47%
家具のシワ2センチ かぐのしわにせんち 川西能勢口
43%
裸眼で散歩 らがんでさんぽ 嵐電嵯峨
43%
津市あばよ つしあばよ 四ツ橋
40%
馬場・東かなり早起き ばばひがしかなりはやおき 雲雀丘花屋敷
40%
メロン食う知事市バス添乗 めろんくうちじしばすてんじょう 天神橋筋六丁目
40%
焼き鈍し やきなまし 山科
40%
やんちゃ苦手 やんちゃにがて 天下茶屋
36%
愛媛の友人お前が貸して えひめのゆうじんおまえがかして 四天王寺前夕陽ヶ丘
33%
名無しバイク ななしばいく くいな橋
33%
おもむろに次男 おもむろにじなん 御室仁和寺
31%
おやつ点滴 おやつてんてき 近鉄八尾
31%
江口氏降臨 えぐちしこうりん 甲子園口
29%
マジで死神見た仲間 まじでしにがみみたなかま 西中島南方
28%
館が危機 やかたがきき 北加賀屋
28%
岡部氏のおばあさん おかべしのおばあさん 大阪阿部野橋
24%
忍法・そこへ吠えん にんぽうそこへほえん 日本へそ公園
24%
まず父破門 まずちちはもん 百舌鳥八幡
24%
え、どっち向きよマザー えどっちむきよまざー ドーム前千代崎
22%
さらば汽車 さらばきしゃ 伽羅橋
22%
確かチキン たしかちきん 北新地
22%
お釈迦様優男 おしゃかさまやさお 大阪狭山市
21%
おじーさん首、顔パスね おじーさんくびかおぱすね 大阪ビジネスパーク
21%
貴様のしたデート きさまのしたでーと 岸里玉出
21%
初代中級丸まり駅 しょだいちゅうきゅうまるまりえき 旧居留地・大丸前
21%
フワフワ近いね ふわふわちかいね 河内磐船
21%
今晩半端ねえ空気 こんばんはんぱねえくうき 万博記念公園
19%
滋賀見たとき しがみたとき 栂・美木多
19%
書紀新入り しょきしんいり 新石切
19%
その本性 そのほんしょう 新祝園
19%
松と栗 まつとくり 熊取
19%
助手間違う じょしゅまちがう 中書島
17%
ごま超山盛りエモ ごまちょうやまもりえも 桃山御陵前
16%
男子のご飯 だんしのごはん 野田阪神
16%
宮迫の弁当 みやさこのべんとう 神戸三宮
16%
牛は7時にグラタン嗅ぐ うしはしちじにぐらたんかぐ 橿原神宮西口
14%
週2混む しゅうにこむ 西向日
14%
第8農園 だいはちのうえん 野江内代
14%
西鉄上うどん にしてつじょううどん 神鉄道場
14%
子の名が和歌山 このながわかやま 駒川中野
10%
ずんだスライス ずんだすらいす 鈴蘭台
10%
紺取って白打つ こんとってしろうつ 神鉄六甲
9%
見取り図と一致 みとりずといっち 和泉鳥取
9%
サッと転がる さっところがる トロッコ嵯峨
7%
売り子の殿様と うりこのとのさまと コウノトリの郷
5%
ちらし寿司煮出す軍医 ちらしずしにだすぐんい 鈴蘭台西口
5%
緑の野菜、名前はケン みどりのやさいなまえはけん 三宮・花時計前
5%
どちら急ぐ気あんた? どちらいそぐきあんた アイランド北口
3%
No matching quizzes found
Score Distribution
Percent of People with Each Score
Percentile by Number Answered
Your Score History
You have not taken this quiz